Statistics for Dua Lipa Charting Songs (Billboard Club Play)

Click here to take the quiz!

General Stats

  • This quiz has been taken 3 times
  • The average score is 5 of 9

Answer Stats

AlbumWeeks OnPeakArtist(s)Song% Correct
Dua Lipa17 Weeks#1 (1 Week)Dua LipaNew Rules
100%
Dua Lipa: Complete Edition22 Weeks#1 (1 Week)Calvin Harris & Dua LipaOne Kiss
100%
Future Nostalgia18 Weeks#1 (2 Weeks)Dua LipaDon't Start Now
67%
Dua Lipa16 Weeks#1 (1 Week)Dua LipaIDGAF
67%
Future Nostalgia
5 Weeks#20Dua LipaPhysical
67%
Electricity EP23 Weeks#1 (1 Week)Silk City & Dua LipaElectricity
33%
Alita: Battle Angel9 Weeks#24Dua LipaSwan Song
33%
Dua Lipa15 Weeks#1 (1 Week)Dua LipaBe the One
0%
Dua Lipa14 Weeks#1 (1 Week)Dua LipaBlow Your Mind (Mwah)
0%

Score Distribution

Percentile by Number Answered

Percent of People with Each Score

Your Score History

You have not taken this quiz